=LDR 00000nam 2200000 4500 =001 INLIS000000000058333 =005 20210913111702 =035 ##$$a 0010-0921000137 =007 ta =008 210913###########################0#ind## =020 ##$$a 978-602-96293-3-0 =082 ##$$a 297.312 =084 ##$$a 297.312 Rud k =245 1#$$a Keajaiban smaul husna 1001 solusi masalah dinia akhirat /$c Rudiyant As Btw =250 ##$$a Cet.1 =300 ##$$a 123 halaman ; $c 18 Cm. =700 #$$a Editor, Suswanto =600 #4$$a Asmaul Husna =264 ##$$a jakarta :$b Lembar langit media,$c 2010 =336 ##$$a teks$2 rdacontent =337 ##$$a lain-lain$2 rdamedia =338 ##$$a lain-lain$2 rdacarrier =990 ##$$a 09410941